000 00195nam a2200109Ia 4500
100 _a#N/A
942 _cBK
245 _aDigit 100 Tutorials
260 _b#N/A
546 _aENGLISH
999 _c22826
_d22826